|
|
|
|
| LEADER |
03226nam a22004815i 4500 |
| 001 |
978-3-319-10771-4 |
| 003 |
DE-He213 |
| 005 |
20151031071037.0 |
| 007 |
cr nn 008mamaa |
| 008 |
141024s2015 gw | s |||| 0|eng d |
| 020 |
|
|
|a 9783319107714
|9 978-3-319-10771-4
|
| 024 |
7 |
|
|a 10.1007/978-3-319-10771-4
|2 doi
|
| 040 |
|
|
|d GrThAP
|
| 050 |
|
4 |
|a RM1-950
|
| 072 |
|
7 |
|a MMG
|2 bicssc
|
| 072 |
|
7 |
|a MED071000
|2 bisacsh
|
| 082 |
0 |
4 |
|a 615
|2 23
|
| 245 |
1 |
0 |
|a Endogenous ADP-Ribosylation
|h [electronic resource] /
|c edited by Friedrich Koch-Nolte.
|
| 264 |
|
1 |
|a Cham :
|b Springer International Publishing :
|b Imprint: Springer,
|c 2015.
|
| 300 |
|
|
|a VIII, 213 p.
|b online resource.
|
| 336 |
|
|
|a text
|b txt
|2 rdacontent
|
| 337 |
|
|
|a computer
|b c
|2 rdamedia
|
| 338 |
|
|
|a online resource
|b cr
|2 rdacarrier
|
| 347 |
|
|
|a text file
|b PDF
|2 rda
|
| 490 |
1 |
|
|a Current Topics in Microbiology and Immunology,
|x 0070-217X ;
|v 384
|
| 505 |
0 |
|
|a The natural history of ADP-ribosyltransferases and the ADP ribosylation system -- Identification and Analysis of ADP-ribosylated Proteins -- Photorhabdus luminescens toxins TccC3 and TccC5: Insecticidal ADP-ribosyltransferases that modify threonine and glutamine -- Reaction mechanism of mono-ADP-ribosyltransferase based on structures of the complex of enzyme and substrate protein -- Regulation of nitrogenase by reversible mono-ADP-ribosylation -- ADP-ribosylation of P2X7: a matter of life and death for regulatory T cells and natural killer T cells -- Pierisins and CARP-1: ADP-ribosylation of DNA by ARTCs in butterflies and shellfish -- Comparative structural analysis of the putative mono-ADP-ribosyltransferases of the ARTD/PARP family -- Function and regulation of the mono-ADP-ribosyltransferase ARTD10 -- Regulation of nucleocytoplasmic transport by ADP-ribosylation: the emerging role of karyopherin-β1 mono-ADP-ribosylation by ARTD15.
|
| 520 |
|
|
|a This volume gathers the latest exciting findings on ADP-ribosylation from renowned experts in the field. It includes ten chapters, organized into the following three thematic sections: · Evolution and detection of endogenous ADP-ribosylation · ADP-ribosylation by the ARTC family of ADP-ribosyltransferases (R-S-E ARTs) · ADP-ribosylation by the ARTD family of ADP-ribosyltransferases (H-Y-E ARTs) The book will provide readers a better understanding of ADP-ribosylating toxins and their endogenous relatives. This provides a basis for developing novel toxin-neutralizing drugs and drugs targeting endogenous ADP-ribosyltransferase relatives.
|
| 650 |
|
0 |
|a Medicine.
|
| 650 |
|
0 |
|a Immunology.
|
| 650 |
|
0 |
|a Medical microbiology.
|
| 650 |
|
0 |
|a Pharmacology.
|
| 650 |
1 |
4 |
|a Biomedicine.
|
| 650 |
2 |
4 |
|a Pharmacology/Toxicology.
|
| 650 |
2 |
4 |
|a Medical Microbiology.
|
| 650 |
2 |
4 |
|a Immunology.
|
| 700 |
1 |
|
|a Koch-Nolte, Friedrich.
|e editor.
|
| 710 |
2 |
|
|a SpringerLink (Online service)
|
| 773 |
0 |
|
|t Springer eBooks
|
| 776 |
0 |
8 |
|i Printed edition:
|z 9783319107707
|
| 830 |
|
0 |
|a Current Topics in Microbiology and Immunology,
|x 0070-217X ;
|v 384
|
| 856 |
4 |
0 |
|u http://dx.doi.org/10.1007/978-3-319-10771-4
|z Full Text via HEAL-Link
|
| 912 |
|
|
|a ZDB-2-SBL
|
| 950 |
|
|
|a Biomedical and Life Sciences (Springer-11642)
|